Practical Fracture Treatment (Record no. 5944)
[ view plain ]
| 000 -LEADER | |
|---|---|
| fixed length control field | 00526nam a2200169Ia 4500 |
| 020 ## - INTERNATIONAL STANDARD BOOK NUMBER | |
| International Standard Book Number | 9780443068775 |
| 082 ## - DEWEY DECIMAL CLASSIFICATION NUMBER | |
| Classification number | 617.15 |
| Author Mark | MCR |
| 100 ## - MAIN ENTRY--PERSONAL NAME | |
| Author Name | McRae,Ronald. |
| 100 ## - MAIN ENTRY--PERSONAL NAME | |
| Author Name | Max Esser |
| 245 #0 - TITLE STATEMENT | |
| Title | Practical Fracture Treatment |
| 250 ## - EDITION STATEMENT | |
| Edition statement | 5th |
| 260 ## - PUBLICATION, DISTRIBUTION, ETC. | |
| Place of publication, distribution, etc. | Edinburgh |
| Name of publisher, distributor, etc. | Churchill Livingstone Elsevier |
| Date of publication, distribution, etc. | 2008 |
| 300 ## - PHYSICAL DESCRIPTION | |
| No of Pages | viii;447p' |
| illustrations | ill; |
| Dimensions | 22cm. |
| 504 ## - BIBLIOGRAPHY, ETC. NOTE | |
| Bibliography, Index, etc. note | Including index and Bibliography |
| 650 ## - SUBJECT ADDED ENTRY--TOPICAL TERM | |
| Subject | Fracture-Treatment |
| Keywords | Pathology and healing of fractures |
| -- | Open fractures |
| -- | internal Fixation |
| -- | imdc |
| 942 ## - ADDED ENTRY ELEMENTS (KOHA) | |
| Koha item type | Books |
| Source of classification or shelving scheme | |
| Item status | Home library | Current library | Shelving location | Date acquired | Total Checkouts | Full call number | Barcode | Date last seen | Koha item type |
|---|---|---|---|---|---|---|---|---|---|
| Islamabad Medical and Dental College | Islamabad Medical and Dental College | Islamabad Medical and Dental College | 16/03/2018 | 617.15 MCR | 7696 | 16/03/2018 | Books |
